000 00771nam a2200193 a 4500
001 BRCA_463
005 20190320203024.0
008 020805s1993----ja-a---###---#000-0#spa-d
050 4 _aNK4099
_b.G47 1993
245 1 0 _aGerd Knñper
_barte en cerámica : exposición de obras recientes.
260 _aJapón
_bGerd Knñer Tarosaka Studios
_c1993
300 _a1 v. (sin paginación)
_bil. (algunas a color), [34] láms.
_c27 cm.
500 _aIncluye un folleto con información del autor
500 _aCatálogo de la exposición realizada en el Museo Franz Mayer, 21 enero - 20 de febrero 1993
504 _aBibliografía: p. [40]-[41]
600 1 4 _aKnñper, Gerd
_d1943-
_vExposiciones
_91593
650 1 4 _aCerámica alemana
_vExposiciones
_ySiglo XX
_91594
942 _2lcc
_cB
999 _c398
_d398